Development and Evaluation of Clinic Management System for University of Rizal System Binangonan (Record no. 58694)
[ view plain ]
| 000 -LEADER | |
|---|---|
| fixed length control field | 00974nam a22002417a 4500 |
| 003 - CONTROL NUMBER IDENTIFIER | |
| control field | URS |
| 005 - DATE AND TIME OF LATEST TRANSACTION | |
| control field | 20220916085641.0 |
| 008 - FIXED-LENGTH DATA ELEMENTS--GENERAL INFORMATION | |
| fixed length control field | 220916b |||||||| |||| 00| 0 eng d |
| 100 ## - MAIN ENTRY--PERSONAL NAME | |
| 9 (RLIN) | 2638 |
| Personal name | Luna, Britt Marie J. |
| Relator term | author |
| 245 ## - TITLE STATEMENT | |
| Title | <a href="Development and Evaluation of Clinic Management System for University of Rizal System Binangonan">Development and Evaluation of Clinic Management System for University of Rizal System Binangonan</a> |
| Statement of responsibility, etc | Britt Marie J. Luna, Geraldine M. Geronimo, Mary Joy P. Mandani, Mark Ian R. Escuadra |
| 260 ## - PUBLICATION, DISTRIBUTION, ETC. (IMPRINT) | |
| Date of publication, distribution, etc | 2019 |
| 300 ## - PHYSICAL DESCRIPTION | |
| Extent | xii, 113 leaves |
| Dimensions | 28 cm |
| 336 ## - CONTENT TYPE | |
| Source | rdacontent |
| Content type term | text |
| 337 ## - MEDIA TYPE | |
| Source | rdamedia |
| Media type term | unmediated |
| 338 ## - CARRIER TYPE | |
| Source | rdacarrier |
| Carrier type term | volume |
| 502 ## - DISSERTATION NOTE | |
| Dissertation note | Thesis |
| Degree type | Bachelor of Science in Information Technology |
| Name of granting institution | University of Rizal System, Binangonan |
| Year degree granted | 2019 |
| 504 ## - BIBLIOGRAPHY, ETC. NOTE | |
| Bibliography, etc | includes bibliographical references |
| 700 ## - ADDED ENTRY--PERSONAL NAME | |
| 9 (RLIN) | 2639 |
| Personal name | Geronimo, Geraldine M. |
| Relator term | author |
| 700 ## - ADDED ENTRY--PERSONAL NAME | |
| 9 (RLIN) | 2190 |
| Personal name | Alking P. Sunga, MSIT, LPT |
| Relator term | Adviser |
| 700 ## - ADDED ENTRY--PERSONAL NAME | |
| 9 (RLIN) | 2641 |
| Personal name | Escuadra, Mark Ian R. |
| Relator term | author |
| 700 ## - ADDED ENTRY--PERSONAL NAME | |
| 9 (RLIN) | 2640 |
| Personal name | Mandani, Mary Joy P. |
| Relator term | author |
| 942 ## - ADDED ENTRY ELEMENTS (KOHA) | |
| Source of classification or shelving scheme | Library of Congress Classification |
| Koha item type | Theses and dissertations |
| Withdrawn status | Source of classification or shelving scheme | Damaged status | Not for loan | Home library | Current library | Date acquired | Total Checkouts | Barcode | Date last seen | Price effective from | Koha item type |
|---|---|---|---|---|---|---|---|---|---|---|---|
| Library of Congress Classification | Binangonan College Library | Binangonan College Library | 09/16/2022 | URSBIN-UGT2010 | 09/16/2022 | 09/16/2022 | Theses and dissertations |